000 00339nam a2200157Ia 4500
003 OSt
005 20231128070600.0
008 170524s9999 xx 000 0 und d
020 _a8176930987
040 _cIIMT
100 _aRashmi Uday Singh
245 0 _aChicken Cookbook
260 _bBPI (India)
260 _c2003
942 _2ddc
_c02
999 _c6510
_d6510